|
|
|
|
| LEADER |
00753cam a2200205 7i4500 |
| 001 |
0000006838 |
| 005 |
20170218090000.0 |
| 020 |
|
|
|a 007709820X (pbk.)
|
| 020 |
|
|
|a 9780077098209
|
| 090 |
0 |
0 |
|a QA76.73
|b .V54 2002
|
| 100 |
1 |
|
|a Vincent, Hugh J
|
| 245 |
1 |
0 |
|a Java :
|b a graphical approach
|c Hugh J. Vincent.
|
| 260 |
|
|
|a London:
|b McGraw-Hill,
|c 2002.
|
| 300 |
|
|
|a xvii, 458 p.:
|b ill.;
|c 25 cm.
|
| 650 |
0 |
0 |
|a Object-oriented programming (Computer science)
|
| 650 |
0 |
0 |
|a Web servers
|
| 650 |
0 |
0 |
|a Java (Computer program language)
|
| 997 |
|
|
|a Communication, Visual Art & Computing, Faculty
|b Computing, Department
|
| 999 |
|
|
|a 0000010378
|b BOK
|c OPEN SHELF
|e 2nd Floor, Bestari Jaya
|
| 999 |
|
|
|a CDR0000156
|b CD-ROM
|c OPEN SHELF
|e Circulation Counter, Bestari Jaya
|